Környezetvédelem és fenntartható fejlődés a szállodaiparban Planet 21, Green Engage és a jövő

Bibliographic Details
Main Author: Fekete Dorina
Other Authors: Bártfai Endre
Format: Thesis
Kulcsszavak:Fenntarthatóság
Környezetvédelem
Környezettudatosság
Online Access:http://dolgozattar.uni-bge.hu/20192

MARC

LEADER 00000nta a2200000 i 4500
001 dolg20192
005 20190903164845.0
008 190430suuuu hu om 000 hun d
040 |a BGE Dolgozattár Repozitórium  |b hun 
041 |a hu 
100 1 |a Fekete Dorina 
245 1 0 |a Környezetvédelem és fenntartható fejlődés a szállodaiparban Planet 21, Green Engage és a jövő  |c Fekete Dorina  |h [elektronikus dokumentum] 
246 1 1 |a Környezetvédelem és fenntartható fejlődés a szállodaiparban Planet 21, Green Engage és a jövő 
695 |a Fenntarthatóság 
695 |a Környezetvédelem 
695 |a Környezettudatosság 
700 1 |a Bártfai Endre  |e ths 
856 4 0 |u http://dolgozattar.uni-bge.hu/20192/1/Fekete_Dorina_IK6IDI_TV.pdf  |z Dokumentum-elérés